000 00536nam a2200193Ia 4500
003 LDD
008 181029s9999 xx 000 0 und d
020 _a8174453652
_c550.00
040 _cLDD
100 _aKapoor, D. N.
245 0 _aBroadcast Journalism
_cD. N. Kapoor
260 _aNew Delhi
_bMohit publications
_c2006
300 _a224p.
365 _b550.00
901 _a4083
_b08-01-2008
902 _aSBS/166/D/07
_b19-01-2008
_cF
_dSBS
_e0
903 _aDiscount-15
_bReqst by : Jayashree Kurup
942 _2ddc
_cBK
999 _c79490
_d79490